000 00466nam a2200169Ia 4500
008 210210b1978 xxu||||| |||| 00| 0 eng d
020 _a0 06 042986 0
082 _a546 HUHI
100 _aHUHEEY (James E).
245 _aInorganic chemistry:principles of structure & reactivity. Ed 2.
250 _a
260 _aLondon
_bHarper International
_c1978
300 _axvi,889
650 _aInorganic Chemistry
690 _aInorganic Chemistry
906 _aCC00285
999 _c109573
_d109573